• 首页
  • 本馆介绍
  • 公告通知
  • 最新文献
  • 馆藏检索
  • 电子资源
  • 读者导购
  • 参考咨询
  • 我的图书馆
  • 登录
  • 详细信息显示
  • 放入我的书架
  • 预约/预借图书
  • 作者相关作品
  • 分类相关作品
  • 丛书相关作品
  • 出版社相关作品

书目信息

  • 表格格式
  • 工作单格式
  • 卡片格式
题名:
名校行政管理的细节力
    
 
作者: 童学敏 主编
分册:  
出版信息: 北京   九州出版社  2006
页数: 247页
开本: 24cm
丛书名: 新教育力丛书
单 册:
中图分类: G472
科图分类:
主题词: 学校管理--行政管理 , 学校管理 , 行政管理
电子资源:
ISBN: 7-80195-411-4
000 00875nam0 2200277 450
001 1571564045
005 20150128085316.39
010    @a7-80195-411-4@dCNY30.00
100    @a20070706d2006 em y0chiy0120 ea
101 0  @achi
102    @aCN@b110000
105    @ay z 000yy
200 1  @a名校行政管理的细节力@AMing Xiao Xing Zheng Guan Li De Xi Jie Li@f童学敏主编@FTong Xue Min Zhu Bian
210    @a北京@c九州出版社@d2006
215    @a247页@d24cm
225 2  @a新教育力丛书
305    @a丛书第一辑
330    @a本书精选国内外经典案例,通过对案例的评析,向学校管理者传授先进、有效的行政管理方法,从而全面提升学校管理的现状。
410  0 @12001 @a新教育力丛书
606 0  @a学校管理@x行政管理
606 0  @a学校管理
606 0  @a行政管理
690    @aG472@v4
701  1 @a童学敏@ATong Xue Min@4主编
801  0 @aCN@bTSSF@c20150128
905    @aZUCC@dG472@eJY1
    
    名校行政管理的细节力/童学敏主编.-北京:九州出版社,2006
    247页;24cm.-(新教育力丛书)
    
    
    ISBN 7-80195-411-4:CNY30.00
    本书精选国内外经典案例,通过对案例的评析,向学校管理者传授先进、有效的行政管理方法,从而全面提升学校管理的现状。
●
相关链接 在E读中查询图书 在五车中查询图书 在当当中查询图书 在豆瓣中查询图书


正题名:名校行政管理的细节力     索取号:G472/JY1         预约/预借

序号 登录号 条形码 馆藏地/架位号 状态 备注
1 7857661   278576612   学院路分馆/ [索取号:G472/JY1] 在馆    
2 7858413   278584131   学院路分馆/ [索取号:G472/JY1] 在馆    
3 7858414   278584140   学院路分馆/ [索取号:G472/JY1] 在馆    
4 7858415   278584159   学院路分馆/ [索取号:G472/JY1] 在馆    
5 7858416   278584168   学院路分馆/ [索取号:G472/JY1] 在馆    
唐山师范学院图书馆 欢迎您!
大连网信软件有限公司© 版权所有